Tex and Molly in the afterlife /

A middle-age couple from Maine, who are both hippies, get high on smokes and fall down a well. They emerge into an afterlife populated by human and non-human spirits. A major concern of spirits in afterlife is the environment on Earth and the couple participate in saving a forest.

Bibliographic Details
Main Author: Grant, Richard, 1952-
Format: Book
Language:English
Published: New York : Avon Books, ©1996.
Edition:1st ed.
Subjects:

MARC

Tag First Indicator Second Indicator Subfields
LEADER 00000cam a2200000 a 4500
001 in00005779936
005 20260428182133.9
008 960313s1996 nyua 000 1 eng
010 |a  96013682  
040 |a DLC  |b eng  |c DLC  |d FIT  |d BTCTA  |d BAKER  |d YDXCP  |d QT5  |d OCLCF  |d OCLCQ  |d ACCPL  |d SFR  |d OCLCO  |d DE#  |d OCLCQ  |d OCL  |d QT7  |d JTB  |d OCLCO  |d OCL  |d OCLCO  |d OCLCL 
020 |a 0380973049  |q (hardcover) 
020 |a 9780380973040  |q (hardcover) 
020 |a 0380786761  |q (pbk.) 
020 |a 9780380786763  |q (pbk.) 
035 |a (OCoLC)34472818 
050 0 0 |a PS3557.R268  |b T48 1996 
082 0 0 |a 813/.54  |2 20  |1 https://id.oclc.org/worldcat/ddc/E3BpYCcY96rbttBDyJW94FJBKr 
100 1 |a Grant, Richard,  |d 1952-  |1 https://id.oclc.org/worldcat/entity/E39PBJbGRPp9Cd49QcBkRhVV4q 
245 1 0 |a Tex and Molly in the afterlife /  |c Richard Grant. 
250 |a 1st ed. 
260 |a New York :  |b Avon Books,  |c ©1996. 
300 |a 408 pages :  |b illustrations ;  |c 25 cm 
336 |a text  |b txt  |2 rdacontent 
337 |a unmediated  |b n  |2 rdamedia 
338 |a volume  |b nc  |2 rdacarrier 
520 |a A middle-age couple from Maine, who are both hippies, get high on smokes and fall down a well. They emerge into an afterlife populated by human and non-human spirits. A major concern of spirits in afterlife is the environment on Earth and the couple participate in saving a forest. 
650 0 |a Fantasy fiction. 
650 0 |a Humorous stories. 
650 0 |a Ghost stories. 
650 6 |a Récits humoristiques. 
650 6 |a Histoires de fantômes. 
650 7 |a Fantasy fiction.  |2 fast  |0 (OCoLC)fst00920710 
650 7 |a Ghost stories.  |2 fast  |0 (OCoLC)fst00942396 
650 7 |a Humorous stories.  |2 fast  |0 (OCoLC)fst00963818 
655 0 |a Humorous stories. 
655 4 |a Fantastic fiction. 
655 4 |a Humorous stories. 
655 4 |a Ghost stories. 
655 7 |a ghost stories.  |2 aat 
655 7 |a Humorous fiction.  |2 fast  |0 (OCoLC)fst01726649 
655 7 |a Ghost stories.  |2 fast  |0 (OCoLC)fst01726625 
655 7 |a Fantasy fiction.  |2 fast  |0 (OCoLC)fst01726607 
655 7 |a Fantasy fiction.  |2 gsafd 
655 7 |a Humorous fiction.  |2 gsafd 
655 7 |a Ghost stories.  |2 gsafd 
655 7 |a Fantasy fiction.  |2 lcgft 
655 7 |a Ghost stories.  |2 lcgft 
655 7 |a Fantastic fiction.  |2 lcsh 
655 7 |a Histoires de fantômes.  |2 rvmgf 
758 |i has work:  |a Tex and Molly in the afterlife (Text)  |1 https://id.oclc.org/worldcat/entity/E39PCGxPCp9MQxDm67g7RhPyBd  |4 https://id.oclc.org/worldcat/ontology/hasWork 
938 |a Baker & Taylor  |b BKTY  |c 25.00  |d 18.75  |i 0380973049  |n 0002845407  |s active 
938 |a Baker and Taylor  |b BTCP  |n 96013682 //r97 
938 |a YBP Library Services  |b YANK  |n 1342007 
029 1 |a AU@  |b 000012242221 
029 1 |a AU@  |b 000046199137 
029 1 |a NZ1  |b 4011107 
994 |a Z0  |b TXA 
948 |h HELD BY TXA - 114 OTHER HOLDINGS 
999 f f |i 714270dc-4c4f-4b50-b577-41a6e76e617c  |s c62c961e-37a5-44be-becc-4709d69bb518  |t 0 
952 f f |p noncirc  |a Texas A&M University  |b College Station  |c Cushing Memorial Library & Archives  |s cush scif  |d Cushing: Science Fiction (Does not check out)  |t 0  |e PS3557.R268 T48 1996  |h Library of Congress classification  |i unmediated -- volume  |m A1485343593C 
998 f f |a PS3557.R268 T48 1996  |t 0  |l Cushing: Science Fiction (Does not check out)